000 01329nam0a2200301 i 4500
001 RU\NLR\bibl\1973221
005 20241103194723.0
010 _a9785202010859
_97000
021 _aRU
_b2012-86649
_96418
035 _a(NLR Aleph) 001962034
090 _a3838743
_c3838743
100 _a20121129d2012 u y0rusy50 ca
101 0 _arus
102 _aRU
105 _aac |||||||||
200 1 _aОт Кузбасса бастующего к самодостаточному
_eуроки недипломированного финансиста из команды А.Г. Тулеева
_fАлександр Микельсон
210 _aКемерово
_cКузбассвузиздат
_d2012
215 _a124, [3] c., [14] л. ил., цв. ил., портр.
_d25
606 1 _aФинансы
_yКузбасский экономический район
_92132619
_3RU\NLR\auth\661590518
607 _aКузбасский экономический район
_xНародное хозяйство
_91271313
_3RU\NLR\auth\66523235
686 _aУ03(2Р-4Ке)74
686 _aУ26(2Р-4Ке)
700 1 _aМикельсон
_bА. Ю.
_f1952-
_gАлександр Юльевич
_4070
801 0 _aRU
_bNLR
_c20121129
_gRCR
801 1 _aRU
_bNLR
_c20121129
942 _cBOOK
980 _aNBR